000 00749nab a2200229u 4500
001 13032
003 HDC
007 c| |||a|c|aaaa
008 210211b99999999my ||||o |||| 00| 0 eng d
040 _aHDC
245 0 _aCCM Falls Into The Red In 1Q
336 _atext
_2rdacontent
337 _acomputer
_2rdamedia
338 _aonline resource
_2rdacarrier
650 _aChemical Company of Malaysia Bhd (CCM)
_913881
650 _ahigher financial performance.
_913882
710 _aThe Malaysian Reserve
856 _zRequest full-text at [email protected]
942 _2lcc
942 _cNEWS
942 _kNWS0 003407
999 _c10348
_d10348